Football Figures by Quote - Statistics

General Stats
  • This quiz has been taken 17 times
  • The average score is 9 of 15
Answer Stats
Hint Answer % Correct
I think I’m a special one. Jose Mourinho
88%
Uno. Dos. Tres. Hala Madrid! Cristiano Ronaldo
81%
Qué miras, bobo? Lionel Messi
81%
Lions, they don’t compare themselves with humans. Zlatan Ibrahimovic
75%
Football is about rationally occupying space, and then playing into the space. Pep Guardiola
69%
So nice, we had to do it twice. Chloe Kelly
56%
Sometimes may be good, sometimes may be s*#$. Gennaro Gattuso
56%
You know chippy chips? Cole Palmer
50%
Hey! It’s a disgrace! It’s a disgrace! Didier Drogba
50%
Football is simple. But nothing is more difficult than playing simple football. Johan Cruyff
50%
I will LOVE it if we beat them. LOVE it. Kevin Keegan
44%
Sometimes, in the life, I am too competitive... Kylian Mbappe
44%
Oh he’s just a big baby! Roy Keane
44%
It is the history of the Tottenham. Georgio Chiellini
38%
Haaland trembla. Marc Cucurella
31%
No matching quizzes found
Score Distribution
Percent of People with Each Score
Percentile by Number Answered
Your Score History
You have not taken this quiz